Bilecik Bilecik Bilecik Bilecik Bilecik

Ortaçağ Avrupa'sının ekonomik ve sosyal tarihi = (Record no. 9237)

MARC details
000 -BAŞLIK
Sabit Uzunluktaki Kontrol Alanı 01262nam a22003617a 4500
001 - KONTROL NUMARASI
Control Dosyası 0009265
003 - KONTROL NUMARASI KİMLİĞİ
Kontrol Alanı KOHA_MİRAKIL
005 - EN SON İŞLEM TARİHİ ve ZAMANI
Kontrol Alanı 20260207001704.0
007 - FİZİKSEL TANIM SABİT ALAN - GENEL BİLGİ
Sabit uzunluklu kontrol alanı ta
008 - SABİT UZUNLUKTAKİ VERİ ÖGELERİ - GENEL BİLGİ
Sabit Alan 091120b2005 tu |||gr||||#||||0|tur |
020 ## - ISBN - ULUSLARARASI STANDART KİTAP NUMARASI
Isbn 9750503651
Kullanılabilirlik koşulları 10,4
040 ## - KATALOGLAMA KAYNAĞI
Özgün Kataloglama Kurumu TR-BiSEU
Kataloglama Dili tur
Çeviri Kurumu TR-BiSEU
Açıklama Kuralları rda
041 0# - DİL KODU
Metin ya da ses kaydının dil kodu tur
044 ## - YAYINLAYAN/ÜRETEN KURULUŞUN ÜLKE KODU
ISO country code tu
050 ## - SINIFLAMA ve YER NUMARASI
Sınıflama Numarası HC104
Yer Numarası .P51 2005
100 1# - KİŞİ ADI
Yazar Adı (Kişi adı) Pirenne, Henri.
240 10 - TEK BİÇİM BAŞLIK
Tekbiçim Başlık <a href="Economic and social history of Medieval Europe">Economic and social history of Medieval Europe</a>
Language of a work Türkçe
245 1# - ESER ADI BİLDİRİMİ
Başlık Ortaçağ Avrupa'sının ekonomik ve sosyal tarihi =
Alt Eseradı vb. Economic and social history of Medieval Europe/
Sorumluluk Bildirimi Henri Pirenne ; Henri Pirenne; çeviren Uygur Kocabaşoğlu.
264 #1 - ÜRERİM, YAYIN, DAĞITIM ve TELİF BİLDİRİMİ
Yayın yeri İstanbul :
Yayınlayan İletişim Yayıncılık
Yayın tarihi 2005
300 ## - FİZİKSEL TANIMLAMA
Sayfa, Cilt vb. 247 sayfa; 20 cm.
336 ## - İÇERİK TÜRÜ
Content type term metin
Content type code txt
Source rdacontent
337 ## - MEDYA TÜRÜ
Media type term aracısız
Media type code n
Source rdamedia
338 ## - TAŞIYICI TÜRÜ
Carrier type term cilt
Carrier type code nc
Source rdacarrier
490 1# - DİZİ BİLDİRİMİ
Dizi Bildirimi İletişim Yayıncılık ;
Cilt Numarası 1120.
490 1# - DİZİ BİLDİRİMİ
Dizi Bildirimi Tarih dizisi ;
Cilt Numarası 36
500 ## - GENEL NOT
Genel Not Özgün eser adı: Economic and social history of Medieval Europe.
500 ## - GENEL NOT
Genel Not Kaynakça var.
650 #0 - KONU BAŞLIĞI EK GİRİŞ - KONU TERİMİ
Konusal terim veya coğrafi ad Avrupa--Sosyal durum.
9 (RLIN) 23061
650 #0 - KONU BAŞLIĞI EK GİRİŞ - KONU TERİMİ
Konusal terim veya coğrafi ad Avrupa--Ekonomik durum.
9 (RLIN) 5415
830 1# - SERİ EK GİRİŞİ - TEKBİÇİM ESER ADI
Tekbiçim Başlık İletişim Yayıncılık ;
Volume number/sequential designation 1120.
9 (RLIN) 23062
830 1# - SERİ EK GİRİŞİ - TEKBİÇİM ESER ADI
Tekbiçim Başlık Tarih dizisi ;
Volume number/sequential designation 36
9 (RLIN) 7565
942 ## - EK GİRİŞ ÖGELERİ (KOHA)
Source of classification or shelving scheme Library of Congress Classification
Koha item type Book
Holdings
Materyal Türü Kalıcı Konum Mevcut Konum Raf Yeri Sınıflandırma Kaynağı Edinim Bilgisi Ana Konular Alt Konular Yer Numarası Demirbaş Numarası Fatura Tarihi Maliyet, Alış Fiyatı Maliyet, Yenileme Fiyatı Geri Çekilme Durumu Kayıp Durumu Hasarlı Durumu Kredi için değil Kayıt Tarih Toplam Ödünçverme Son Görülme Tarihi Son Kontrol Tarihi
Book Prof. Dr. Azmi Özcan Kütüphanesi Prof. Dr. Azmi Özcan Kütüphanesi Uluğbey Salonu Library of Congress Classification Satın SOSYAL BİLİMLER Ekonomi Tarihi ve Koşulları HC104 .P51 2005 0009265 20/11/2009 11.23 11.23         20/11/2009 22 05/12/2024 05/12/2024